000 00996cad a22002535a 4500
001 L157084
008 120829s2012 xxk f 000 0 eng d
020 _a9781842198216
035 _a(Sirsi) u157084
041 0 _aeng
100 1 _aWatkins, Craig
245 0 0 _aHousehold mobility expectations and estimates of local housing demand
_h[electronic resource]
260 _aLondon
_bRICS
_c2012
490 0 _aRICS Research
520 _aLooks at the relationship between stated and revealed preferences in relation to moving house, and seeks to identify those households whose stated preferences are most likely to come to fruition.
651 4 _aUnited Kingdom
_y
690 _aResidential property
_96266
700 1 _aFerrari, Ed
700 1 _aLaughlin, Danielle Leahy
700 1 _aAldridge, Mark
700 1 _aWhite, Michael
856 4 0 _uhttps://www.rics.org/Global/Downloads/Housing_Mobility_220212_dwl_aj.pdf
_zView the main report free of charge at www.rics.org
942 _n0
999 _c114582
_d114582